000 01154nam a2200325 c 4500
003 BLK
005 20240405005332.0
008 180408b bul|||||r ||||||| ||bul||
010 _aKNG00060695000
040 _aBLK
041 _aBUL
_cBUL
080 _aКраезнание
_b908
_x(498-25)(026)
_z908(498-25)(026)
100 _aДойков, Васил Георгиев
_gГеограф, краевед, писател
_d1930-2018
_9364377
139 _aДойков, Васил Георгиев
_bД 71
245 1 0 _aБукурещ
_bПътеводител
_cВасил Георгиев Дойков.
257 _aBGR
260 София
_bМедицина и физкултура
_c1986
_fПловдив : Д. Благоев
300 _a128 с.
_c20 см
380 _a9
500 _aАвт. не е отбелязан на кор.
650 4 _aБукурещ - пътеводители
_9287059
651 4 _aРумъния
_9179459
653 _aБукурещ
852 _aЦб 140926
856 4 _qpdf
_u
856 4 _qpdf
_u
942 _cKNG
_n0
944 _aCR
_c13.06.2004
_k
_lCRON CRON
944 _aED
_c02.06.2009
_k
999 _c56710
_d56710